Electrical storm (Record no. 77570)

MARC details
000 -LEADER
fixed length control field 01074cab a2200205 4500
001 - CONTROL NUMBER
control field ##L134575
008 - FIXED-LENGTH DATA ELEMENTS--GENERAL INFORMATION
fixed length control field 060817n2006 000 0 eng u
035 ## - SYSTEM CONTROL NUMBER
System control number (Sirsi) u134575
041 0# - LANGUAGE CODE
Language code of text/sound track or separate title eng
100 1# - MAIN ENTRY--PERSONAL NAME
Personal name McClary, Samantha
245 00 - TITLE STATEMENT
Title Electrical storm
260 ## - PUBLICATION, DISTRIBUTION, ETC.
Date of publication, distribution, etc. 2006
490 #0 - SERIES STATEMENT
Series statement Estates Gazette
Volume/sequential designation (0632) 12 August 2006, 36-39(4)
520 ## - SUMMARY, ETC.
Summary, etc. Reports on the attempt by the parent company of collapsed electrical retailer, PowerHouse, to go ahead with its Company Voluntary Arrangement (CVA) to avoid paying a large proportion of rent owed to landlords. Following the collapse, and with PowerHouse now in the hands of an administrator, landlords are hopeful that the CVA will be dropped and parental guarantees on the 31 stores will be reinstated. However, many in the industry hope for the court case to continue in order to obtain a definitive ruling.
590 ## - LOCAL NOTE (RLIN)
Local note IKA220806
651 #4 - SUBJECT ADDED ENTRY--GEOGRAPHIC NAME
Geographic name United Kingdom
Chronological subdivision
690 ## - LOCAL SUBJECT ADDED ENTRY--TOPICAL TERM (OCLC, RLIN)
Topical term or geographic name as entry element PROPERTY-COMMERCIAL PROPERTY-LEASEHOLD COMMERCIAL PROPERTY-COMMERCIAL LANDLORD AND TENANT
700 1# - ADDED ENTRY--PERSONAL NAME
Personal name Rowe, Stephen
942 ## - ADDED ENTRY ELEMENTS (KOHA)
Suppress in OPAC 0
Holdings
Withdrawn status Lost status Source of classification or shelving scheme Damaged status Not for loan Home library Current library Shelving location Date acquired Total Checkouts Full call number Barcode Date last seen Copy number Price effective from Koha item type
    Dewey Decimal Classification     London London Journal article 17/08/2006   L134575 134575-1001 06/08/2019 1 06/08/2019 Journal article